Laboratório de eletricidade e eletrônica (Record no. 135227)

MARC details
000 -LÍDER
campo de controle de tamanho fixo 00528 a2200193 4500
001 - NÚMERO DE CONTROLE
campo de controle 135227
020 ## - ISBN - INTERNATIONAL STANDARD BOOK NUMBER
ISBN - International Standard Book Number 85-7194-016-9
040 ## - FONTE DA CATALOGAÇÃO
Instituição que transcreveu o registro Leonardo Da Vinci
041 ## - CÓDIGO DE IDIOMA
Código do idioma do texto/trilha sonora ou título diferente Português
082 ## - CDD - CLASSIFICAÇÃO DECIMAL DE DEWEY
Número de Classificação 537.028 C249l
Número do exemplar C249l
100 ## - ENTRADA PRINCIPAL--NOME PESSOAL
Nome pessoal CAPUANO, Francisco Gabriel
-- MARINO, Maria Aparecida M
245 ## - TÍTULO
Título Laboratório de eletricidade e eletrônica
250 ## - EDIÇÃO
Edição 14. ed
260 ## - PUBLICAÇÃO, DISTRIBUIÇÃO, ETC.
Nome do editor, distribuidor, etc. Érica
Data da publicação, distribuição, etc. 1999
Local de publicação, distribuição, etc. São Paulo
300 ## - DESCRIÇÃO FÍSICA
Extensão 302
362 ## - DATAS DE PUBLICAÇÃO E/OU DESIGNAÇÃO SEQUENCIAL
Datas de publicação e/ou designação sequencial 19990000
697 ## - ENTRADA DE ASSUNTO LOCAL--ENTIDADE COLETIVA (RLIN)
Nome corporativo ou nome da jurisdição Eletricidade
-- Eletrônica
-- Ohmímetro
-- Voltímetro
942 ## - ELEMENTOS DE ENTRADA ADICIONADOS (KOHA)
Tipo de material Koha Livros
Holdings
Situação do descarte Situação das perdas Situação física Não pode ser emprestado Biblioteca de origem Biblioteca atual Data de aquisição Total de empréstimos Número de chamada completo Código de barras Data de último acesso Data do preço efetivo Tipo de material Koha
        LEONARDO DA VINCI - BUTANTÃ LEONARDO DA VINCI - BUTANTÃ 27/03/2024   537.028 C249l T00091 27/03/2024 27/03/2024 Livros